[Event "SVK-ch U16"]
[Site "Stara Lubovna"]
[Date "2014.04.12"]
[Round "9"]
[White "Stefanak, Jan"]
[Black "Joba, Arpad"]
[Result "0-1"]
[WhiteElo "1105"]
[BlackElo "1682"]
[PlyCount "132"]
[EventDate "2014.04.05"]
[EventType "swiss"]
[EventRounds "9"]
[EventCountry "SVK"]
[SourceTitle "EXT 2016"]
[Source "ChessBase"]
[SourceDate "2015.10.08"]
[SourceVersion "1"]
[SourceVersionDate "2015.10.08"]
[SourceQuality "1"]

1. e4 c5 2. Nf3 d6 3. Nc3 Nf6 4. Bc4 g6 5. 0-0 Bg7 6. Re1 0-0 7. d3 Nc6 8. Nd5 a6 9. Bg5 Nxd5 10. exd5 Ne5 11. Nxe5 dxe5 12. c3 f6 13. Be3 b5 14. Bb3 Qd6 15. c4 b4 16. Qd2 a5 17. Ba4 Bb7 18. Bh6 Rfd8 19. Rad1 Rac8 20. Be3 Qc7 21. f4 f5 22. fxe5 Bxe5 23. g3 e6 24. dxe6 Bxg3 25. Rf1 Be5 26. Bg5 Bd4+ 27. Be3 Qe5 28. Rde1 Bxb2 29. Bf2 Qf6 30. e7 Re8 31. Bxe8 Rxe8 32. Bxc5 Bc3 33. Qh6 Bd4+ 34. Bxd4 Qxd4+ 35. Qe3 Qg4+ 36. Qg3 Qd4+ 37. Rf2 a4 38. h3 a3 39. Qe3 Qh4 40. Kh2 Bc8 41. Rf4 Qf6 42. Rd4 Qb6 43. Rh4 Qc7+ 44. Qe5 Qa7 45. Re2 b3 46. axb3 a2 47. Qd5+ Kg7 48. Rxh7+ Kxh7 49. Qf7+ Kh6 50. Qxe8 Qc7+ 51. Kg2 Bb7+ 52. Re4 Bxe4+ 53. dxe4 a1Q 54. Qf8+ Kh5 55. Qxf5+ gxf5 56. e8Q+ Kh6 57. Qe6+ Kg7 58. Qxf5 Qb2+ 59. Kf3 Qf7 60. c5 Qbxb3+ 61. Kg4 Qxf5+ 62. exf5 Qc4+ 63. Kg5 Qxc5 64. h4 Qe7+ 65. Kg4 Kf6 66. h5 Qe4+ 0-1